000 00652nam a2200229 a 4500
001 45715
003 BD-RjUL
005 20211209054046.0
008 160727s1967 enk 001 0 eng
035 _a(BD-RjUL)45833
040 _aDLC
_cDLC
_dBD-RjUL
_beng
041 _aeng
082 0 0 _a347.42
_223
_bKIE 1967
100 1 _aKiralfy, A. K. R.
_q(Albert Kenneth Roland),
_d1915-
_9139866
245 1 4 _aThe English legal system /
_cby A. K. R. Kiralfy.
250 _a4th ed.
260 _aLondon :
_bSweet & Maxwell,
_c1967
300 _axxvi, 341 p.
_c23 cm.
500 _aIncludes index.
650 0 _aLaw
_zGreat Britain.
_9139867
942 _2ddc
_cBK
999 _c45715
_d45715